flagandother - Statistics

General Stats
  • This quiz has been taken 7 times
  • The average score is 13 of 20
Answer Stats
Picture Hint Answer % Correct
australia
100%
austria
100%
bangladesh
100%
belarus
100%
belgium
100%
b__sw___ botswana
100%
brazil
100%
brunei
100%
canada
100%
c_p_v_r_e capeverde
100%
c__l chile
100%
china
100%
colombia
100%
cuba
100%
e_u_t_r_a_g_i_e_ equatorialguinea
100%
france
100%
georgia
100%
germany
100%
hungary
100%
israel
100%
italy
100%
l_s__ho lesotho
100%
l_b_r__ liberia
100%
lithuania
100%
morocco
100%
nauru nauru
100%
netherlands
100%
newzealand
100%
nigeria
100%
northkorea
100%
northmacedonia
100%
norway
100%
panama
100%
p_r_gu__ paraguay
100%
philippines
100%
prussia
100%
saudiarabia
100%
scotland
100%
southafrica
100%
southkorea
100%
sovietunion
100%
srilanka
100%
taiwan
100%
timorleste
100%
u____a_____em__ unitedarabemirates
100%
vietnam
100%
sanmarino
80%
argentina
67%
b__l__v bolivia
67%
al algeria
50%
a_m_n__ armenia
50%
denmark
50%
estonia
50%
e_w_t_n_ eswatini
50%
finland
50%
iran
50%
jamaica
50%
k_z__kh kazakhstan
50%
k_r_y_s_a_ kyrgyzstan
50%
latvia
50%
l__ya libya
50%
loas
50%
m__c macau
50%
m_r_h_l_ marshallislands
50%
russia
50%
serbia
50%
unitedkingdom
50%
z_m_i_ zambia
50%
bhutan
33%
s_l_m_n solomonislands
33%
albania
0%
america
0%
andorra
0%
a_g_l_ angola
0%
a_t_g_a and b_r_u_a antiguaandbarbuda
0%
a_u_a aruba
0%
bai azerbaijan
0%
b_h_m_s bahamas
0%
bulgaria
0%
cookislands
0%
croatia
0%
cyprus
0%
czechrepublic
0%
d_i_o_t_ djibouti
0%
egypt
0%
el_lv____ elsalvador
0%
faroeislands
0%
greece
0%
g_i_e_-_i_a_ guinea-bissau
0%
iceland
0%
india
0%
indonesia
0%
ireland
0%
isleofman
0%
japan
0%
jordan
0%
k_r_b_t_ kiribati
0%
lie chtenstein liechtenstein
0%
malta
0%
mauritius mauritius
0%
mexico
0%
micro micronesia
0%
mongolia
0%
moz____ mozambique
0%
myanmar
0%
nepal
0%
ottomanempire
0%
pakistan
0%
palau
0%
romania
0%
saintkitts nad nevis saintkittsandnevis
0%
s_y_h_l_e_ seychelles
0%
singapore
0%
s_m_l__ somalia
0%
spain
0%
s_r_i_a_e suriname
0%
sweden
0%
switzerland
0%
thailand
0%
tonga
0%
tunisia
0%
turkey
0%
t_v_l_ tuvalu
0%
ukraine
0%
venezuela
0%
wales
0%
No matching quizzes found
Score Distribution
Percent of People with Each Score
Percentile by Number Answered
Your Score History
You have not taken this quiz